000
00302nam a22001337a 4500
008
170619b xxu||||| |||| 00| 0 eng d
020
_a
0813375487
041
_a
eng
080
_a
32
100
_a
20
101
_a
SHP
245
_a
DEBT AND DEMOCRACY IN LATIN AMERICA
_c
STALLINGS,B
942
_2
udc
_c
BK
999
_c
18041
_d
18041